Normal view MARC view
  • Information Computer Science Engineering Project Report

Entry Topical Term

Number of records used in: 2

001 - CONTROL NUMBER

  • control field: 34419

003 - CONTROL NUMBER IDENTIFIER

  • control field: NUST

005 - DATE AND TIME OF LATEST TRANSACTION

  • control field: 20201022162658.0

008 - FIXED-LENGTH DATA ELEMENTS

  • fixed length control field: 201022|| aca||aabn | a|a d

040 ## - CATALOGING SOURCE

  • Original cataloging agency: NUST
  • Transcribing agency: NUST

150 ## - HEADING--TOPICAL TERM

  • Topical term or geographic name entry element: Information Computer Science Engineering Project Report

670 ## - SOURCE DATA FOUND

  • Source citation: Work cat.: (NUST): Syed, Raheel Mustafa ; Khan, Munawar Masood ; Javed, Muhammad Rizwan. 34418, Theory and Exchange Rate Project Report Engineering Economics /, 2009.
© 2023 Central Library, National University of Sciences and Technology. All Rights Reserved.